Normal view
MARC view
- CITY OF BONES.ENGLISH LITERATURE-FICTION-CITY OF BONES
Entry Topical Term
001 - CONTROL NUMBER
- control field: 68725
003 - CONTROL NUMBER IDENTIFIER
- control field: NUST
005 - DATE AND TIME OF LATEST TRANSACTION
- control field: 20210628204109.0
008 - FIXED-LENGTH DATA ELEMENTS
- fixed length control field: 210628|| aca||aabn | a|a d
040 ## - CATALOGING SOURCE
- Original cataloging agency: NUST
- Transcribing agency: NUST
150 ## - HEADING--TOPICAL TERM
- Topical term or geographic name entry element: CITY OF BONES.ENGLISH LITERATURE-FICTION-CITY OF BONES
670 ## - SOURCE DATA FOUND
- Source citation: Work cat.: (NUST): Clare, Cassandra 68656, City of bones, 2008
